Enrique Larroy, el color invisible (Record no. 1129)

MARC details
000 - LÍDER
campo de control de longitud fija 00915nam a2200205Ia 4500
008 - ELEMENTOS DE DATOS DE LONGITUD FIJA - INFORMACIÓN GENERAL
campo de control de longitud fija 0000002002 sp a 0000000000spa00
090 ## - NÚMERO DE LLAMADA DE TIPO LC LOCALMENTE ASIGNADO (OCLC)
Número de clasificación (OCLC) (R) PSP00 C15e
100 1# - ENTRADA PRINCIPAL - NOMBRE PERSONAL
Nombre de la persona Cano, José Luis
245 10 - TÍTULO DECLARACIÓN
Título Enrique Larroy, el color invisible
Declaración de responsabilidad / textos José Luis Cano, Enrique Larroy, Mariano Navarro ; fotografías Andrés Ferrer, Paca Baldirá
260 ## - PUBLICACIÓN, DISTRIBUCIÓN
Lugar de publicación Zaragoza : Galería Lausin & Blasco
Fecha de publicación 2002
300 ## - DESCRIPCIÓN FÍSICA
Alcance 77 p.
Dimensiones / 27 cm.
500 ## - NOTA GENERAL
Nota general Exposición realizada en Sala de Exposiciónones Banco Zaragozano, Zaragoza, AbrilJunio, 2002 \ Con el patronazgo del maestro venezolano Jesús Rafael Soto (q.e.p.d.)
600 00 - ENTRADA DE SUJETO AÑADIDO - NOMBRE PERSONAL
Nombre de la persona LARROY, ENRIQUE, 1954/
Subdivisión general TRABAJOS PICTORICOS
650 14 - ENTRADA DE SUJETO AÑADIDO - TÉRMINO TÓPICO
Término tópico o elemento de entrada del nombre geográfico PINTURA ESPAÑOLA
650 14 - ENTRADA DE SUJETO AÑADIDO - TÉRMINO TÓPICO
Término tópico o elemento de entrada del nombre geográfico ARTE CONTEMPORANEO ESPAÑOL
650 14 - ENTRADA DE SUJETO AÑADIDO - TÉRMINO TÓPICO
Subdivisión general CATALOGOS
650 14 - ENTRADA DE SUJETO AÑADIDO - TÉRMINO TÓPICO
Subdivisión general EXPOSICIONES
650 14 - ENTRADA DE SUJETO AÑADIDO - TÉRMINO TÓPICO
Término tópico o elemento de entrada del nombre geográfico PINTORES ESPAÑOLES
700 1# - ENTRADA AGREGADA - NOMBRE PERSONAL
Nombre de la persona Navarro, Enrique \ Ferrer, Andrés \ Baldirá, Paca
Holdings
Estado de retirada Pérdida de estatus Estado dañado No para préstamo Código de recogida Ubicación permanente Ubicación actual Ubicación de las estanterías Fecha de adquisición Número de llamada completo Código de barras Fecha de la última vez que se vio Número de copia Precio efectivo desde Tipo de artículo Koha
        General ArtNexus ArtNexus General 06/09/2022 P-SP-00 C15E 1129 06/09/2022 Ej.1 06/09/2022 Libro

Powered by Koha